ՄԱՅՐ ԱԹՈՌ ՍՈՒՐԲ ԷՋՄԻԱԾԻՆ

«ՎԱՉԵ ԵՎ ԹԱՄԱՐ ՄԱՆՈՒԿՅԱՆ» ՄԱՏԵՆԱԴԱՐԱՆ

Տեղահանություն և ոչնչացում: (Record no. 48296)

MARC details
000 -LEADER
fixed length control field 01068nam a2200229Ia 4500
003 - CONTROL NUMBER IDENTIFIER
control field SEM
005 - DATE AND TIME OF LATEST TRANSACTION
control field 20220608071546.0
008 - FIXED-LENGTH DATA ELEMENTS--GENERAL INFORMATION
fixed length control field 211213s2007 ai ||||gr|||||00| 0 arm|d
020 ## - INTERNATIONAL STANDARD BOOK NUMBER
International Standard Book Number 9789994196333
040 ## - CATALOGING SOURCE
Transcribing agency SEM
Original cataloging agency SEM
041 ## - LANGUAGE CODE
Language code of text/sound track or separate title arm
Language code of original turk
080 ## - UNIVERSAL DECIMAL CLASSIFICATION NUMBER
Universal Decimal Classification number 947.925.523/Հ-53
100 ## - MAIN ENTRY--PERSONAL NAME
Personal name Հասան, Ամջա
245 ## - TITLE STATEMENT
Title Տեղահանություն և ոչնչացում:
Remainder of title Տեղահանության իրական պատկերը /
Statement of responsibility, etc. Ա. Հասան; Թարգմ.` Ա. Ավագյան; Խմբ.` Է. Դանեղյան
260 ## - PUBLICATION, DISTRIBUTION, ETC.
Place of publication, distribution, etc. Երևան :
Name of publisher, distributor, etc. Հայոց ցեղասպանության թանգարան-ինստիտուտ,
-- տպ. Գասփրինթ,
Date of publication, distribution, etc. 2007.
300 ## - PHYSICAL DESCRIPTION
Extent 48 էջ ;
Dimensions 22 սմ
490 ## - SERIES STATEMENT
Series statement Ցեղասպանություն. վկայություններ, նոթեր, հուշագրություն
700 ## - ADDED ENTRY--PERSONAL NAME
Personal name Ավագյան Արսեն
Relationship trl.
Relator term թարգմ.
700 ## - ADDED ENTRY--PERSONAL NAME
Personal name Դանեղյան Է.
Relationship edt.
Relator term խմբ.
830 ## - SERIES ADDED ENTRY--UNIFORM TITLE
Uniform title Ցեղասպանություն. վկայություններ, նոթեր, հուշագրություն
942 ## - ADDED ENTRY ELEMENTS (KOHA)
Source of classification or shelving scheme Universal Decimal Classification
Koha item type Գրքեր/Books
Holdings
Withdrawn status Lost status Source of classification or shelving scheme Damaged status Not for loan Collection code Home library Current library Date acquired Inventory number Total Checkouts Full call number Barcode Date last seen Price effective from Koha item type Public note Cost, normal purchase price
    Universal Decimal Classification     Գրապահոց Մայր Աթոռ Սուրբ Էջմիածին «Վաչե և Թամար Մանուկյան» Մատենադարան Մայր Աթոռ Սուրբ Էջմիածին «Վաչե և Թամար Մանուկյան» Մատենադարան 16/11/2014 14880   947.925.523/Հ-53 14880 16/11/2014 16/11/2014 Գրքեր/Books Սպասարկվում է 30 օր  
    Universal Decimal Classification     Ընթերցասրահ Մայր Աթոռ Սուրբ Էջմիածին «Վաչե և Թամար Մանուկյան» Մատենադարան Մայր Աթոռ Սուրբ Էջմիածին «Վաչե և Թամար Մանուկյան» Մատենադարան 16/11/2014 14881   947.925.523/Հ-53 14881 16/11/2014 16/11/2014 Գրքեր/Books Սպասարկվում է ընթերցասրահ  
    Universal Decimal Classification     Գրապահոց Մայր Աթոռ Սուրբ Էջմիածին «Վաչե և Թամար Մանուկյան» Մատենադարան Մայր Աթոռ Սուրբ Էջմիածին «Վաչե և Թամար Մանուկյան» Մատենադարան 13/12/2021 33310   947.925.523/Հ-53 33310 13/12/2021 13/12/2021 Գրքեր/Books Սպասարկվում է 30 օր 500.00